000 00291nam a22001337a 4500
008 170922b xxu||||| |||| 00| 0 eng d
020 _a0716705028
041 _aeng
080 _a902
100 _a45
101 _aARK
245 _aNEW WORLD ARCHAEOLOGY
_cZUBROW, E.B.W
942 _2udc
_cBK
999 _c28909
_d28909